| 000 | 00481nam a2200145Ia 4500 | ||
|---|---|---|---|
| 999 |
_c19717 _d19717 |
||
| 082 | _aRR 491.2321 SAN- | ||
| 100 | _aWilliams, Monier M; | ||
| 245 | 0 | _aSanskrit-English dictionary: etymologically and philological arranged with reference to Cognate Indo-European languages | |
| 260 |
_aDelhi _bMotilal Banarsidass _c1976 |
||
| 300 | _axxxiv, 1333p. | ||
| 504 | _aRef. book | ||
| 650 | _aSanskrit language - Dictionaries | ||
| 650 | _aEnglish language - Dictionaries | ||
| 942 | _cBK | ||